Riconosci lo Stato - Quiz n°74 - Statistics

Statistiche generali
  • Questo quiz è stato fatto 33 volte
  • Il punteggio medio è 12 su 13
Statistiche sulle risposte
Indizio Risposta % Corretto
Indipendenza 1º agosto 1291
97%
Popolazione 8 902 308 ab.
97%
Iniziale della Capitale B
97%
Fuso Orario UTC+1 (UTC+2 in ora legale)
97%
Tasso di crescita 0,5%
93%
ISU 0,962
93%
Superficie 41 291 km²
93%
PIL (nominale) 812 867 milioni di $
93%
Valuta Franco
93%
Forma di Governo Repubblica direttoriale federale
93%
Risposta Svizzera
93%
Cancelliere federale Viktor Rossi
93%
Presidente della Confederazione Viola Amherd
93%
Nessun quiz corrispondente trovato
Distribuzione punteggi
Percentuale di utenti per punteggio
Percentile per numero di risposta
I tuoi punteggi nel tempo
Non hai fatto questo quiz